Giáo trình kỹ thuật nghiệp vụ giao dịch ngoại thương

Gorde:
Xehetasun bibliografikoak
Egile nagusia: Pgs.Vũ Hữu tửu
Formatua: Liburua
Hizkuntza:Vietnamese
Argitaratua: Sunshine 2006
Etiketak: Etiketa erantsi
Etiketarik gabe, Izan zaitez lehena erregistro honi etiketa jartzen!
Thư viện lưu trữ: Mạng thư viện Đại học Đà Nẵng
LEADER 00662nam a2200277 4500
001 000025599
003 1164
005 20150325120000.0
008 150325s vm 000 vie
020 |c 39000,0000 
040 |a notts 
100 |a Pgs.Vũ Hữu tửu 
245 |a Giáo trình kỹ thuật nghiệp vụ giao dịch ngoại thương 
260 |b Sunshine  |c 2006 
300 |a 323tr. ; 
OWN |a LTT 
999 |a From the UDN01 
TYP |a Monograph 
TYP |a Printed language 
980 |a Mạng thư viện Đại học Đà Nẵng